The emotional brain : the mysterious underpinnings of emotional life

Αποθηκεύτηκε σε:
Λεπτομέρειες βιβλιογραφικής εγγραφής
Κύριος συγγραφέας: LeDoux, Joseph E.
Μορφή: Βιβλίο
Γλώσσα:English
Δημοσίευση: New York : Simon & Schuster, c1996
Θέματα:
Ετικέτες: Προσθήκη ετικέτας
Δεν υπάρχουν, Καταχωρήστε ετικέτα πρώτοι!

MARC

LEADER 00000cam a2200000 i 4500
001 1/9596
008 000822s1996 eng d
020 |a 0684836599 
035 |l 10063121 
040 |a GR-MY-UA  |b gre  |e aacr 
041 0 |a eng 
082 0 |a 152.4 
100 1 |a LeDoux, Joseph E. 
245 1 4 |a The emotional brain :  |b the mysterious underpinnings of emotional life /  |c Joseph LeDoux 
260 |a New York :   |b Simon & Schuster,   |c c1996 
300 |a 384 p.;  |b ill.;  |c 24 cm. 
504 |a Includes bibliographical references and index 
650 0 0 |a Emotions  |x Physiological aspects. 
650 0 0 |a Neuropsychology. 
852 |a INST  |b SAMOS  |e 20000822  |h 152.4 LED  |p 005300018997  |q 005300018997  |t BK  |y 12 
901 |a BIBL3-2000-2 
909 |a Σ  |b 080799 
922 |a 3ΕΛΗ  |b 200007  |c ΤΠΕΣ  |d ΠΑΠΑΣΩΤΗΡΙΟΥ 
950 |a 133-2000-01-19 
970 |a ΜΑΛΑΓΑΡΗ  |b ΦΩΤΕΙΝΗ  |z 2000/08/24